Top 15 maiores transferências (valores em euros) - Statistics

Estatísticas Gerais
  • Esse quiz foi jogado 51 vezes
  • A pontuação média é 12 de 15
Estatísticas das Respostas
Dicas Respostas % Correto
Barcelona → PSG€222M Neymar
100%
Real Madrid → Juventus€117M Cristiano Ronaldo
98%
Monaco → PSG€180M Kylian Mbappé
93%
Atlético de Madrid → Barcelona€120M Antoine Griezmann
89%
Liverpool → Barcelona€135M Philippe Coutinho
89%
Leverkusen → Liverpool€125M Florian Wirtz
83%
Benfica → Atlético de Madrid€127,2M João Félix
80%
Dortmund → Barcelona€135M Ousmane Dembélé
80%
Newcastle → Liverpool€150M Alexander Isak
78%
Dortmund → Real Madrid€103M Jude Bellingham
78%
Chelsea → Real Madrid€120,8M Eden Hazard
72%
Benfica → Chelsea€121M Enzo Fernández
72%
West Ham → Arsenal€116M Declan Rice
70%
Aston Villa → Manchester City€117M Jack Grealish
70%
Brighton → Chelsea€116M Moisés Caicedo
59%
Nenhum quiz correspondente encontrado
Distribuição das Pontuações
Porcentagem de Pessoas com Cada Pontuação
Percentil de Números Respondidos
Sua Pontuação Histórica
Você não jogou esse quiz